[Event "56th Rubinstein Memorial A 2020"]
[Site "Polanica Zdroj"]
[Date "2020.08.18"]
[Round "4.9"]
[White "Vanduyfhuys, Daria"]
[Black "Dahl, Christoph"]
[Result "0-1"]
[WhiteElo "1985"]
[BlackElo "2228"]
[Annotator "ChessBase"]
[PlyCount "166"]
[EventDate "2020.08.15"]
[EventType "swiss"]
[EventCountry "POL"]
[SourceTitle "playchess.com"]
[Source "ChessBase"]
[SourceQuality "1"]
[TimeControl "40/5400+30:1800+30"]

1. d4 {[%emt 0:00:00]} Nf6 {[%emt 0:00:00]} 2. c4 {[%emt 0:00:00]} g6 {[%emt 0:00:05]} 3. Nc3 {[%emt 0:00:00]} Bg7 {[%emt 0:00:18]} 4. e4 {[%emt 0:00:03]} d6 {[%emt 0:00:37]} 5. Nf3 {[%emt 0:00:11]} O-O {[%emt 0:00:48]} 6. Be2 {[%emt 0:00:13]} c5 {[%emt 0:00:26]} 7. d5 {[%emt 0:01:54]} e6 {[%emt 0:01:51]} 8. dxe6 {[%emt 0:03:01]} Bxe6 {[%emt 0:01:02]} 9. Bf4 {[%emt 0:02:20]} Qb6 {[%emt 0:01:55]} 10. Qb3 {[%emt 0:01:57]} Rd8 {[%emt 0:06:18]} 11. Rd1 {[%emt 0:10:35]} Nc6 {[%emt 0:12:29]} 12. O-O {[%emt 0:02:57]} Ne8 {[%emt 0:23:16]} 13. Nb5 {[%emt 0:08:32]} Na5 {[%emt 0:02:12]} 14. Qa4 {[%emt 0:06:02]} a6 {[%emt 0:04:08]} 15. Nc3 {[%emt 0:06:52]} Nc6 {[%emt 0:17:08]} 16. Nd5 {[%emt 0:11:08]} Bxd5 {[%emt 0:01:59]} 17. exd5 {[%emt 0:00:12]} Nd4 {[%emt 0:01:01]} 18. Nxd4 {[%emt 0:01:43]} Bxd4 {[%emt 0:00:08]} 19. Qc2 {[%emt 0:03:00]} Nf6 {[%emt 0:04:11]} 20. b3 {[%emt 0:04:23]} Re8 {[%emt 0:01:24]} 21. Bf3 {[%emt 0:00:52]} Be5 {[%emt 0:01:53]} 22. Bg5 {[%emt 0:01:13]} Qa5 {[%emt 0:03:34]} 23. g3 {[%emt 0:04:47]} Kg7 {[%emt 0:05:34]} 24. Rfe1 {[%emt 0:03:28]} Bc3 {[%emt 0:02:28]} 25. Re3 {[%emt 0:03:04]} Bd4 {[%emt 0:02:13]} 26. Re2 {[%emt 0:00:35]} Nd7 {[%emt 0:01:52]} 27. Bg2 {[%emt 0:05:39]} Ne5 {[%emt 0:01:24]} 28. Rde1 {[%emt 0:04:12]} f6 {[%emt 0:01:52]} 29. Bd2 {[%emt 0:00:41]} Qc7 {[%emt 0:00:16]} 30. Bc3 {[%emt 0:02:46]} Qd7 {[%emt 0:00:58]} 31. Bxd4 {[%emt 0:02:26]} cxd4 {[%emt 0:00:03]} 32. Qd2 {[%emt 0:01:22]} d3 {[%emt 0:01:07]} 33. Re3 {[%emt 0:00:23]} b5 {[%emt 0:00:33]} 34. cxb5 {[%emt 0:04:42]} axb5 {[%emt 0:00:34]} 35. h3 {[%emt 0:01:39]} Qa7 {[%emt 0:00:18]} 36. Kf1 {[%emt 0:01:04]} Kf8 {[%emt 0:00:52]} 37. f4 {[%emt 0:02:35]} Nd7 {[%emt 0:00:08]} 38. Qxd3 {[%emt 0:00:34]} Rxe3 {[%emt 0:00:54]} 39. Rxe3 {[%emt 0:00:15]} Qxa2 {[%emt 0:00:09]} 40. Qxb5 {[%emt 0:00:00]} Qd2 {[%emt 0:00:00]} 41. Re2 {[%emt 0:08:19]} Ra1+ {[%emt 0:02:51]} 42. Kf2 {[%emt 0:00:06]} Qd4+ {[%emt 0:00:16]} 43. Kf3 {[%emt 0:00:29]} Rc1 {[%emt 0:01:23]} 44. Re3 {[%emt 0:04:38]} Rc5 {[%emt 0:15:18]} 45. Qe2 {[%emt 0:05:12]} Qxd5+ {[%emt 0:00:21]} 46. Kf2 {[%emt 0:00:04]} Qd4 {[%emt 0:00:06]} 47. b4 {[%emt 0:12:18]} Rc3 {[%emt 0:00:56]} 48. b5 {[%emt 0:00:10]} Nb6 {[%emt 0:06:52]} 49. Kf3 {[%emt 0:01:15]} Rxe3+ {[%emt 0:01:50]} 50. Qxe3 {[%emt 0:00:03]} Qd5+ {[%emt 0:00:07]} 51. Kf2 {[%emt 0:00:18]} Qxb5 {[%emt 0:00:09]} 52. Qe6 {[%emt 0:01:40]} Qc5+ {[%emt 0:00:08]} 53. Kf1 {[%emt 0:00:51]} Qd4 {[%emt 0:01:05]} 54. Bc6 {[%emt 0:01:25]} Qd1+ {[%emt 0:01:13]} 55. Qe1 {[%emt 0:00:11]} Qxe1+ {[%emt 0:00:18]} 56. Kxe1 {[%emt 0:00:03]} Ke7 {[%emt 0:00:14]} 57. Kd2 {[%emt 0:00:03]} d5 {[%emt 0:01:01]} 58. Kd3 {[%emt 0:00:15]} Kd6 {[%emt 0:00:21]} 59. Be8 {[%emt 0:00:51]} Nd7 {[%emt 0:00:36]} 60. Kd4 {[%emt 0:00:17]} Nc5 {[%emt 0:00:36]} 61. Bb5 {[%emt 0:01:22]} Ne6+ {[%emt 0:01:32]} 62. Ke3 {[%emt 0:01:04]} Kc5 {[%emt 0:01:48]} 63. Bd7 {[%emt 0:00:13]} Ng7 {[%emt 0:01:19]} 64. g4 {[%emt 0:00:46]} Kc4 {[%emt 0:00:06]} 65. Kd2 {[%emt 0:00:08]} Kd4 {[%emt 0:00:07]} 66. Bc6 {[%emt 0:03:04]} Ne6 {[%emt 0:00:25]} 67. f5 {[%emt 0:00:03]} gxf5 {[%emt 0:00:05]} 68. gxf5 {[%emt 0:00:02]} Ng7 {[%emt 0:00:06]} 69. Bd7 {[%emt 0:00:10]} Ke4 {[%emt 0:00:04]} 70. Be6 {[%emt 0:00:57]} Nxf5 {[%emt 0:00:06]} 71. Bg8 {[%emt 0:00:03]} h5 {[%emt 0:00:11]} 72. Bh7 {[%emt 0:00:06]} Kf4 {[%emt 0:01:12]} 73. Kd3 {[%emt 0:00:29]} h4 {[%emt 0:00:20]} 74. Bg6 {[%emt 0:00:14]} Ke5 {[%emt 0:00:06]} 75. Bh5 {[%emt 0:00:33]} Nd4 {[%emt 0:00:13]} 76. Bg4 {[%emt 0:00:26]} f5 {[%emt 0:00:09]} 77. Bh5 {[%emt 0:00:05]} Ne6 {[%emt 0:00:05]} 78. Bf3 {[%emt 0:00:38]} Nf4+ {[%emt 0:00:05]} 79. Ke3 {[%emt 0:00:04]} Nxh3 {[%emt 0:00:06]} 80. Bg2 {[%emt 0:00:11]} d4+ {[%emt 0:00:07]} 81. Kd2 {[%emt 0:00:16]} Ng5 {[%emt 0:00:12]} 82. Bh1 {[%emt 0:00:32]} Ne4+ {[%emt 0:00:05]} 83. Ke1 {[%emt 0:00:07]} h3 {[%emt 0:00:06]} 0-1

[Event "56th Rubinstein Memorial A 2020"]
[Site "Polanica Zdroj"]
[Date "2020.08.18"]
[Round "4.10"]
[White "Chomczyk, Marek"]
[Black "Hasterok, Mateusz"]
[Result "1/2-1/2"]
[WhiteElo "2221"]
[BlackElo "2056"]
[Annotator "ChessBase"]
[PlyCount "114"]
[EventDate "2020.08.15"]
[EventType "swiss"]
[EventCountry "POL"]
[SourceTitle "playchess.com"]
[Source "ChessBase"]
[SourceQuality "1"]
[TimeControl "40/5400+30:1800+30"]

1. d4 {[%emt 0:00:00]} Nf6 {[%emt 0:00:00]} 2. Bg5 {[%emt 0:00:00]} d5 {[%emt 0:01:23]} 3. Bxf6 {[%emt 0:00:02]} exf6 {[%emt 0:01:35]} 4. e3 {[%emt 0:00:15]} Bd6 {[%emt 0:00:53]} 5. g3 {[%emt 0:00:16]} O-O {[%emt 0:00:46]} 6. Bg2 {[%emt 0:00:32]} c6 {[%emt 0:02:30]} 7. Ne2 {[%emt 0:00:55]} Bf5 {[%emt 0:05:52]} 8. Nd2 {[%emt 0:07:56]} Na6 {[%emt 0:05:45]} 9. O-O {[%emt 0:03:22]} Nc7 {[%emt 0:03:34]} 10. c4 {[%emt 0:04:47]} Bg6 {[%emt 0:12:41]} 11. Qb3 {[%emt 0:01:14]} dxc4 {[%emt 0:01:40]} 12. Nxc4 {[%emt 0:01:45]} Rb8 {[%emt 0:00:38]} 13. Rac1 {[%emt 0:04:48]} Re8 {[%emt 0:13:31]} 14. Nc3 {[%emt 0:04:41]} Bf8 {[%emt 0:11:46]} 15. Rfd1 {[%emt 0:00:49]} Bh5 {[%emt 0:01:10]} 16. Rd2 {[%emt 0:00:27]} Nd5 {[%emt 0:02:48]} 17. Nxd5 {[%emt 0:03:13]} cxd5 {[%emt 0:00:59]} 18. Na3 {[%emt 0:00:11]} Qa5 {[%emt 0:00:07]} 19. Rdc2 {[%emt 0:01:19]} Bg6 {[%emt 0:06:35]} 20. Rc7 {[%emt 0:01:39]} Red8 {[%emt 0:09:37]} 21. Rxb7 {[%emt 0:14:21]} Rbc8 {[%emt 0:02:00]} 22. Rf1 {[%emt 0:00:42]} Bxa3 {[%emt 0:01:26]} 23. bxa3 {[%emt 0:02:12]} Rc3 {[%emt 0:01:24]} 24. Rxa7 {[%emt 0:02:35]} Qxa7 {[%emt 0:00:11]} 25. Qxc3 {[%emt 0:00:08]} h5 {[%emt 0:01:43]} 26. h4 {[%emt 0:00:51]} Bf5 {[%emt 0:00:33]} 27. Qc5 {[%emt 0:04:07]} Qa8 {[%emt 0:00:34]} 28. a4 {[%emt 0:04:16]} Be6 {[%emt 0:01:05]} 29. a5 {[%emt 0:00:43]} Rc8 {[%emt 0:00:18]} 30. Qa3 {[%emt 0:00:14]} Qa6 {[%emt 0:00:30]} 31. Rb1 {[%emt 0:02:33]} Qe2 {[%emt 0:02:30]} 32. a6 {[%emt 0:01:34]} Rc2 {[%emt 0:00:46]} 33. Rf1 {[%emt 0:01:08]} Rxa2 {[%emt 0:00:14]} 34. Qb3 {[%emt 0:08:09]} Qxa6 {[%emt 0:03:03]} 35. Bxd5 {[%emt 0:00:48]} Bxd5 {[%emt 0:01:14]} 36. Qxd5 {[%emt 0:00:07]} g6 {[%emt 0:00:42]} 37. Kg2 {[%emt 0:00:14]} Ra1 {[%emt 0:01:46]} 38. Rxa1 {[%emt 0:00:48]} Qxa1 {[%emt 0:00:01]} 39. Qc6 {[%emt 0:00:18]} Kg7 {[%emt 0:00:53]} 40. d5 {[%emt 0:00:00]} g5 {[%emt 0:00:00]} 41. hxg5 {[%emt 0:03:46]} fxg5 {[%emt 0:01:12]} 42. d6 {[%emt 0:00:38]} Qd1 {[%emt 0:01:15]} 43. e4 {[%emt 0:02:22]} h4 {[%emt 0:01:59]} 44. e5 {[%emt 0:00:23]} hxg3 {[%emt 0:00:26]} 45. d7 {[%emt 0:00:26]} gxf2 {[%emt 0:04:17]} 46. Qf6+ {[%emt 0:00:11]} Kh7 {[%emt 0:00:01]} 47. Qxf7+ {[%emt 0:08:11]} Kh6 {[%emt 0:00:10]} 48. Qf6+ {[%emt 0:10:19]} Kh5 {[%emt 0:00:19]} 49. Qf7+ {[%emt 0:03:59]} Kh6 {[%emt 0:04:14]} 50. Qe6+ {[%emt 0:00:42]} Kh5 {[%emt 0:00:10]} 51. Qh3+ {[%emt 0:00:40]} Kg6 {[%emt 0:00:10]} 52. Kxf2 {[%emt 0:00:08]} Qd2+ {[%emt 0:01:35]} 53. Kg1 {[%emt 0:00:12]} Qd4+ {[%emt 0:02:08]} 54. Kh1 {[%emt 0:00:26]} Qd5+ {[%emt 0:00:27]} 55. Kg1 {[%emt 0:00:42]} Qd4+ {[%emt 0:00:05]} 56. Kf1 {[%emt 0:00:21]} Qd1+ {[%emt 0:00:15]} 57. Kg2 {[%emt 0:00:04]} Qd2+ {[%emt 0:00:47]} 1/2-1/2

[Event "56th Rubinstein Memorial A 2020"]
[Site "Polanica Zdroj"]
[Date "2020.08.18"]
[Round "4.11"]
[White "Polak, Michal"]
[Black "Bronowicki, Mateusz"]
[Result "1/2-1/2"]
[WhiteElo "1878"]
[BlackElo "2275"]
[Annotator "ChessBase"]
[PlyCount "48"]
[EventDate "2020.08.15"]
[EventType "swiss"]
[EventCountry "POL"]
[SourceTitle "playchess.com"]
[Source "ChessBase"]
[SourceQuality "1"]
[TimeControl "40/5400+30:1800+30"]

1. e4 {[%emt 0:00:00]} g6 {[%emt 0:00:00]} 2. d4 {[%emt 0:00:00]} c6 {[%emt 0:00:42]} 3. c3 {[%emt 0:00:29]} d6 {[%emt 0:13:08]} 4. Nf3 {[%emt 0:00:33]} Bg7 {[%emt 0:01:04]} 5. Nbd2 {[%emt 0:02:05]} Nd7 {[%emt 0:04:11]} 6. Bc4 {[%emt 0:01:58]} e5 {[%emt 0:09:48]} 7. Bb3 {[%emt 0:04:49]} b5 {[%emt 0:14:21]} 8. a4 {[%emt 0:06:41]} Ngf6 {[%emt 0:01:49]} 9. Qe2 {[%emt 0:03:51]} a6 {[%emt 0:01:09]} 10. axb5 {[%emt 0:01:10]} cxb5 {[%emt 0:00:09]} 11. O-O {[%emt 0:03:01]} O-O {[%emt 0:01:25]} 12. Bc2 {[%emt 0:01:06]} Re8 {[%emt 0:12:21]} 13. Nb3 {[%emt 0:09:14]} exd4 {[%emt 0:03:42]} 14. Nfxd4 {[%emt 0:05:36]} Bb7 {[%emt 0:03:59]} 15. f3 {[%emt 0:01:57]} Rc8 {[%emt 0:10:11]} 16. Qf2 {[%emt 0:06:31]} d5 {[%emt 0:01:03]} 17. exd5 {[%emt 0:01:25]} Nxd5 {[%emt 0:00:18]} 18. Bd2 {[%emt 0:05:25]} Ne5 {[%emt 0:02:50]} 19. Na5 {[%emt 0:03:15]} Ba8 {[%emt 0:00:07]} 20. Be4 {[%emt 0:01:13]} f5 {[%emt 0:02:25]} 21. Bc2 {[%emt 0:01:37]} Nb6 {[%emt 0:00:37]} 22. Rfe1 {[%emt 0:02:53]} Nec4 {[%emt 0:06:34]} 23. Rxe8+ {[%emt 0:01:01]} Qxe8 {[%emt 0:00:02]} 24. Bb3 {[%emt 0:00:39]} Qd8 {[%emt 0:05:39]} 1/2-1/2

[Event "56th Rubinstein Memorial A 2020"]
[Site "Polanica Zdroj"]
[Date "2020.08.18"]
[Round "4.12"]
[White "Grzesik, Norbert"]
[Black "Pultinevicius, Paulius"]
[Result "0-1"]
[WhiteElo "1980"]
[BlackElo "2512"]
[Annotator "ChessBase"]
[PlyCount "64"]
[EventDate "2020.08.15"]
[EventType "swiss"]
[EventCountry "POL"]
[SourceTitle "playchess.com"]
[Source "ChessBase"]
[SourceQuality "1"]
[TimeControl "40/5400+30:1800+30"]

1. e4 {[%emt 0:00:00]} c6 {[%emt 0:01:34]} 2. d4 {[%emt 0:00:00]} d5 {[%emt 0:00:11]} 3. e5 {[%emt 0:00:00]} Bf5 {[%emt 0:00:09]} 4. Nf3 {[%emt 0:00:00]} e6 {[%emt 0:00:07]} 5. Be2 {[%emt 0:00:01]} Nd7 {[%emt 0:00:38]} 6. O-O {[%emt 0:01:07]} h6 {[%emt 0:00:18]} 7. Be3 {[%emt 0:00:33]} Ne7 {[%emt 0:00:15]} 8. Nbd2 {[%emt 0:01:28]} Qc7 {[%emt 0:00:13]} 9. c4 {[%emt 0:00:37]} dxc4 {[%emt 0:00:45]} 10. Nxc4 {[%emt 0:00:38]} Nd5 {[%emt 0:00:08]} 11. Rc1 {[%emt 0:01:06]} Be7 {[%emt 0:02:18]} 12. h3 {[%emt 0:14:04]} O-O {[%emt 0:02:35]} 13. g4 {[%emt 0:04:32]} Be4 {[%emt 0:03:12]} 14. Bd3 {[%emt 0:00:25]} Bxd3 {[%emt 0:05:17]} 15. Qxd3 {[%emt 0:00:03]} f5 {[%emt 0:04:08]} 16. exf6 {[%emt 0:06:42]} Rxf6 {[%emt 0:03:40]} 17. Nfe5 {[%emt 0:02:43]} Nxe5 {[%emt 0:04:27]} 18. Nxe5 {[%emt 0:02:49]} Bd6 {[%emt 0:00:20]} 19. Qe4 {[%emt 0:01:59]} Raf8 {[%emt 0:10:21]} 20. f4 {[%emt 0:02:38]} Bxe5 {[%emt 0:03:41]} 21. fxe5 {[%emt 0:03:20]} Rxf1+ {[%emt 0:05:44]} 22. Rxf1 {[%emt 0:00:06]} Rxf1+ {[%emt 0:00:05]} 23. Kxf1 {[%emt 0:00:07]} Qa5 {[%emt 0:00:28]} 24. Bc1 {[%emt 0:19:03]} Qxa2 {[%emt 0:00:18]} 25. Qg6 {[%emt 0:00:35]} Qc4+ {[%emt 0:00:12]} 26. Kg2 {[%emt 0:01:35]} Qxc1 {[%emt 0:00:15]} 27. Qxe6+ {[%emt 0:00:12]} Kf8 {[%emt 0:00:06]} 28. Qc8+ {[%emt 0:02:26]} Kf7 {[%emt 0:00:10]} 29. e6+ {[%emt 0:10:07]} Kg6 {[%emt 0:00:15]} 30. e7 {[%emt 0:01:25]} Qd2+ {[%emt 0:00:05]} 31. Kh1 {[%emt 0:00:19]} Qe1+ {[%emt 0:00:07]} 32. Kh2 {[%emt 0:00:08]} Nxe7 {[%emt 0:00:06]} 0-1

[Event "56th Rubinstein Memorial A 2020"]
[Site "Polanica Zdroj"]
[Date "2020.08.18"]
[Round "4.13"]
[White "Kasperek, Ryszard"]
[Black "Majocha, Piotr"]
[Result "0-1"]
[WhiteElo "2202"]
[BlackElo "1906"]
[Annotator "ChessBase"]
[PlyCount "58"]
[EventDate "2020.08.15"]
[EventType "swiss"]
[EventCountry "POL"]
[SourceTitle "playchess.com"]
[Source "ChessBase"]
[SourceQuality "1"]
[TimeControl "40/5400+30:1800+30"]

1. e4 {[%emt 0:02:29]} e6 {[%emt 0:00:00]} 2. d4 {[%emt 0:00:14]} d5 {[%emt 0:00:00]} 3. Nc3 {[%emt 0:00:18]} Bb4 {[%emt 0:00:00]} 4. e5 {[%emt 0:00:36]} c5 {[%emt 0:00:00]} 5. a3 {[%emt 0:00:06]} Bxc3+ {[%emt 0:00:00]} 6. bxc3 {[%emt 0:00:06]} Ne7 {[%emt 0:00:00]} 7. Qg4 {[%emt 0:01:33]} Qc7 {[%emt 0:00:02]} 8. Qxg7 {[%emt 0:00:32]} Rg8 {[%emt 0:00:04]} 9. Qxh7 {[%emt 0:00:05]} cxd4 {[%emt 0:00:03]} 10. Ne2 {[%emt 0:00:19]} Nbc6 {[%emt 0:00:07]} 11. f4 {[%emt 0:00:17]} Bd7 {[%emt 0:00:07]} 12. Qd3 {[%emt 0:00:34]} dxc3 {[%emt 0:00:11]} 13. Nxc3 {[%emt 0:02:57]} a6 {[%emt 0:00:07]} 14. h4 {[%emt 0:05:58]} Nf5 {[%emt 0:00:10]} 15. Rh3 {[%emt 0:00:11]} Na5 {[%emt 0:10:51]} 16. h5 {[%emt 0:11:41]} O-O-O {[%emt 0:00:26]} 17. Rb1 {[%emt 0:21:38]} Nc4 {[%emt 0:12:32]} 18. Rb4 {[%emt 0:18:28]} a5 {[%emt 0:16:27]} 19. Rb1 {[%emt 0:15:14]} Qc5 {[%emt 0:05:21]} 20. a4 {[%emt 0:04:06]} Bc6 {[%emt 0:03:38]} 21. h6 {[%emt 0:04:03]} Rg6 {[%emt 0:03:07]} 22. h7 {[%emt 0:00:04]} Rh8 {[%emt 0:00:02]} 23. Nb5 {[%emt 0:00:25]} Rg7 {[%emt 0:02:31]} 24. Nd6+ {[%emt 0:07:23]} Ncxd6 {[%emt 0:00:17]} 25. exd6 {[%emt 0:00:02]} Rgxh7 {[%emt 0:00:27]} 26. Qc3 {[%emt 0:02:42]} Qxc3+ {[%emt 0:07:11]} 27. Rxc3 {[%emt 0:00:01]} Nxd6 {[%emt 0:00:16]} 28. Rc5 {[%emt 0:00:45]} Rh1 {[%emt 0:02:54]} 29. Bb2 {[%emt 0:00:22]} Rxf1+ {[%emt 0:00:25]} 0-1

[Event "56th Rubinstein Memorial A 2020"]
[Site "Polanica Zdroj"]
[Date "2020.08.18"]
[Round "4.14"]
[White "Antoniewicz, Jakub"]
[Black "Jaskolka, Tomasz"]
[Result "1/2-1/2"]
[WhiteElo "1806"]
[BlackElo "2196"]
[Annotator "ChessBase"]
[PlyCount "88"]
[EventDate "2020.08.15"]
[EventType "swiss"]
[EventCountry "POL"]
[SourceTitle "playchess.com"]
[Source "ChessBase"]
[SourceQuality "1"]
[TimeControl "40/5400+30:1800+30"]

1. d4 {[%emt 0:01:01]} Nf6 {[%emt 0:00:00]} 2. g3 {[%emt 0:00:23]} d5 {[%emt 0:01:07]} 3. Bg2 {[%emt 0:00:05]} c6 {[%emt 0:00:16]} 4. Nf3 {[%emt 0:00:16]} g6 {[%emt 0:00:13]} 5. c4 {[%emt 0:00:20]} dxc4 {[%emt 0:02:09]} 6. a4 {[%emt 0:10:06]} c5 {[%emt 0:19:21]} 7. O-O {[%emt 0:05:41]} cxd4 {[%emt 0:11:01]} 8. Nxd4 {[%emt 0:01:39]} Bg7 {[%emt 0:00:25]} 9. Nb5 {[%emt 0:12:05]} Nfd7 {[%emt 0:03:02]} 10. Bf4 {[%emt 0:10:43]} O-O {[%emt 0:07:33]} 11. Bc7 {[%emt 0:08:26]} Qe8 {[%emt 0:00:14]} 12. N1c3 {[%emt 0:00:23]} Nc6 {[%emt 0:04:13]} 13. a5 {[%emt 0:09:30]} Nc5 {[%emt 0:06:20]} 14. Bf4 {[%emt 0:12:03]} Ne6 {[%emt 0:08:11]} 15. Nd5 {[%emt 0:01:21]} Nxf4 {[%emt 0:03:05]} 16. gxf4 {[%emt 0:00:13]} Rb8 {[%emt 0:01:34]} 17. Qc2 {[%emt 0:01:51]} a6 {[%emt 0:05:19]} 18. Na3 {[%emt 0:06:35]} Nxa5 {[%emt 0:04:03]} 19. Rfd1 {[%emt 0:00:06]} Be6 {[%emt 0:05:52]} 20. Nxc4 {[%emt 0:01:34]} Nxc4 {[%emt 0:00:05]} 21. Qxc4 {[%emt 0:00:03]} Bxb2 {[%emt 0:00:45]} 22. Rab1 {[%emt 0:00:01]} Bg7 {[%emt 0:00:39]} 23. Qc7 {[%emt 0:00:20]} Bxd5 {[%emt 0:07:25]} 24. Bxd5 {[%emt 0:00:01]} b5 {[%emt 0:01:13]} 25. Bb7 {[%emt 0:03:13]} e5 {[%emt 0:00:40]} 26. f5 {[%emt 0:05:48]} gxf5 {[%emt 0:01:40]} 27. Bxa6 {[%emt 0:00:28]} b4 {[%emt 0:01:17]} 28. Bb7 {[%emt 0:00:53]} Qb5 {[%emt 0:00:36]} 29. Rd7 {[%emt 0:01:41]} b3 {[%emt 0:04:43]} 30. Bd5 {[%emt 0:04:03]} Rbc8 {[%emt 0:01:21]} 31. Qb7 {[%emt 0:00:39]} Qxe2 {[%emt 0:00:33]} 32. Rxf7 {[%emt 0:01:46]} Qg4+ {[%emt 0:00:22]} 33. Kh1 {[%emt 0:00:33]} Kh8 {[%emt 0:00:24]} 34. Rg1 {[%emt 0:01:30]} Rxf7 {[%emt 0:00:31]} 35. Qxc8+ {[%emt 0:00:11]} Rf8 {[%emt 0:00:10]} 36. Qxf8+ {[%emt 0:00:10]} Bxf8 {[%emt 0:00:07]} 37. Rxg4 {[%emt 0:00:01]} fxg4 {[%emt 0:00:07]} 38. Bxb3 {[%emt 0:00:08]} Kg7 {[%emt 0:00:40]} 39. Kg2 {[%emt 0:00:34]} Kf6 {[%emt 0:00:07]} 40. Bc2 {[%emt 0:00:00]} h5 {[%emt 0:00:00]} 41. h3 {[%emt 0:01:19]} Kg5 {[%emt 0:00:18]} 42. f3 {[%emt 0:01:00]} Kf4 {[%emt 0:00:48]} 43. hxg4 {[%emt 0:00:38]} hxg4 {[%emt 0:00:04]} 44. fxg4 {[%emt 0:00:04]} Kxg4 {[%emt 0:00:05]} 1/2-1/2

[Event "56th Rubinstein Memorial A 2020"]
[Site "Polanica Zdroj"]
[Date "2020.08.18"]
[Round "4.15"]
[White "Wisniewski, Michal"]
[Black "Galant, Ireneusz"]
[Result "1-0"]
[WhiteElo "2127"]
[BlackElo "1803"]
[Annotator "ChessBase"]
[PlyCount "97"]
[EventDate "2020.08.15"]
[EventType "swiss"]
[EventCountry "POL"]
[SourceTitle "playchess.com"]
[Source "ChessBase"]
[SourceQuality "1"]
[TimeControl "40/5400+30:1800+30"]

1. Nf3 {[%emt 0:04:11]} Nf6 {[%emt 0:00:00]} 2. d4 {[%emt 0:00:06]} e6 {[%emt 0:00:27]} 3. Bf4 {[%emt 0:00:07]} d5 {[%emt 0:01:05]} 4. Nbd2 {[%emt 0:00:15]} Be7 {[%emt 0:01:10]} 5. e3 {[%emt 0:00:08]} O-O {[%emt 0:00:47]} 6. c3 {[%emt 0:00:24]} b6 {[%emt 0:00:35]} 7. Bd3 {[%emt 0:00:29]} Bb7 {[%emt 0:05:11]} 8. O-O {[%emt 0:00:24]} Nbd7 {[%emt 0:00:24]} 9. a4 {[%emt 0:00:13]} a6 {[%emt 0:04:50]} 10. h3 {[%emt 0:12:19]} h6 {[%emt 0:14:54]} 11. Bh2 {[%emt 0:06:21]} Re8 {[%emt 0:01:11]} 12. Qe2 {[%emt 0:01:30]} Ne4 {[%emt 0:03:36]} 13. Bc2 {[%emt 0:00:52]} Nxd2 {[%emt 0:07:01]} 14. Qxd2 {[%emt 0:10:25]} Bf6 {[%emt 0:15:02]} 15. Bf4 {[%emt 0:04:47]} g5 {[%emt 0:16:08]} 16. Bg3 {[%emt 0:18:07]} Bg7 {[%emt 0:00:44]} 17. Qd3 {[%emt 0:02:35]} f5 {[%emt 0:05:22]} 18. Nd2 {[%emt 0:03:34]} c5 {[%emt 0:02:23]} 19. f3 {[%emt 0:00:12]} Nf6 {[%emt 0:00:31]} 20. Be5 {[%emt 0:00:24]} a5 {[%emt 0:00:25]} 21. Qe2 {[%emt 0:00:40]} Nh5 {[%emt 0:02:56]} 22. Bh2 {[%emt 0:00:44]} Ba6 {[%emt 0:01:59]} 23. Bd3 {[%emt 0:00:05]} Bxd3 {[%emt 0:00:18]} 24. Qxd3 {[%emt 0:00:02]} cxd4 {[%emt 0:01:18]} 25. cxd4 {[%emt 0:00:34]} Nf6 {[%emt 0:01:56]} 26. Nb1 {[%emt 0:00:25]} Rc8 {[%emt 0:00:10]} 27. Nc3 {[%emt 0:00:04]} Rc6 {[%emt 0:02:23]} 28. Rac1 {[%emt 0:04:44]} Qd7 {[%emt 0:00:24]} 29. Nb5 {[%emt 0:00:07]} Rec8 {[%emt 0:00:39]} 30. Rxc6 {[%emt 0:03:07]} Rxc6 {[%emt 0:00:57]} 31. Nc3 {[%emt 0:01:16]} Rc4 {[%emt 0:00:31]} 32. g4 {[%emt 0:00:52]} Qc8 {[%emt 0:01:09]} 33. Be5 {[%emt 0:00:46]} Rb4 {[%emt 0:06:55]} 34. Rf2 {[%emt 0:01:28]} Qc4 {[%emt 0:00:15]} 35. Qc2 {[%emt 0:00:00]} Qb3 {[%emt 0:00:50]} 36. gxf5 {[%emt 0:00:02]} Qxc2 {[%emt 0:00:17]} 37. Rxc2 {[%emt 0:00:01]} Rc4 {[%emt 0:00:40]} 38. fxe6 {[%emt 0:00:51]} Kf8 {[%emt 0:00:51]} 39. Rd2 {[%emt 0:01:18]} Nh5 {[%emt 0:02:15]} 40. Bd6+ {[%emt 0:00:00]} Kg8 {[%emt 0:00:00]} 41. Nxd5 {[%emt 0:00:52]} Nf6 {[%emt 0:01:37]} 42. Nxf6+ {[%emt 0:01:55]} Bxf6 {[%emt 0:00:01]} 43. Ba3 {[%emt 0:00:08]} Rc1+ {[%emt 0:00:33]} 44. Kg2 {[%emt 0:00:05]} Re1 {[%emt 0:00:09]} 45. e4 {[%emt 0:00:16]} h5 {[%emt 0:00:16]} 46. d5 {[%emt 0:00:49]} Be5 {[%emt 0:00:14]} 47. d6 {[%emt 0:00:18]} Kg7 {[%emt 0:01:44]} 48. d7 {[%emt 0:00:08]} Bc7 {[%emt 0:00:23]} 49. e7 {[%emt 0:00:01]} 1-0